logo

Bir Sreshtho Munshi Abdur Rouf Library
Jhenaidah Cadet College

ভালো ছেলে আর নই / (Record no. 12913)

MARC details
000 -LEADER
fixed length control field 00844nam a2200253 a 4500
001 - CONTROL NUMBER
JCCL Control Number 12913
003 - CONTROL NUMBER IDENTIFIER
JCCL marc code BD-JhCC
005 - DATE AND TIME OF LATEST TRANSACTION
control field 20230603200920.0
008 - FIXED-LENGTH DATA ELEMENTS--GENERAL INFORMATION
fixed length control field 230603s2019 b |||| |||| 000 0 b d
020 ## - INTERNATIONAL STANDARD BOOK NUMBER
International Standard Book Number 9789849093633
035 ## - SYSTEM CONTROL NUMBER
system control number (BD-JhCC)12913
040 ## - CATALOGING SOURCE
Original cataloging agency BD-JhCC
Modifying agency BD-JhCC
041 ## - LANGUAGE CODE
Language code of Book ben
082 ## - DEWEY DECIMAL CLASSIFICATION NUMBER
Classification number 155.332
Author mark and Year GLO 2019
100 ## - MAIN ENTRY--PERSONAL NAME
Personal name গ্লাভার, রবার্ট এ.
245 ## - TITLE STATEMENT
Title ভালো ছেলে আর নই /
Statement of responsibility, etc রবার্ট এ. গ্লাভার, ধীবর চন্দন (অনু.)
260 ## - PUBLICATION, DISTRIBUTION, ETC. (IMPRINT)
Place of publication, distribution, etc ঢাকা :
Name of publisher, distributor, etc মনন প্রকাশ,
Date of publication, distribution, etc ২০১৯
300 ## - PHYSICAL DESCRIPTION
Pagination ২১৫ পৃ. :
Dimensions ২১ সেমি.
650 ## - SUBJECT ADDED ENTRY--TOPICAL TERM
Topical term or geographic name as entry element Men--Psychology
650 ## - SUBJECT ADDED ENTRY--TOPICAL TERM
Topical term or geographic name as entry element Interpersonal relations
650 ## - SUBJECT ADDED ENTRY--TOPICAL TERM
Topical term or geographic name as entry element Self-realization
700 ## - ADDED ENTRY--PERSONAL NAME
Personal name চন্দন, ধীবর
942 ## - ADDED ENTRY ELEMENTS (KOHA)
Source of classification or shelving scheme Dewey Decimal Classification
Koha item type Books
Holdings
Source of classification or shelving scheme Damaged status Not for loan Home library Current library Shelving location Date of accession Cost, normal purchase price Total Checkouts Full call number Barcode Checked out Date last seen Date checked out Copy number Method of acquisition Koha item type Currency
Dewey Decimal Classification     JCC Rouf Library JCC Rouf Library General Stacks 06/03/2023 300.00 5 155.332 GLO 2019 18001 08/06/2025 07/13/2025 07/13/2025 C-1 Purchase Books BDT

JCC Library | Contacts | JCC Home

Last Update on 23 September 2017
Copyright @ 2017-2020 JCC Rouf Library
Rouf Library, Jhenidah Cadet College (JCC), Bangladesh